000 00210 a2200097 4500
001 14141
100 _aRothschild G.D
245 _aThe whims of fortune
260 _aLondon
_bGranada
_c
090 _c11085
_d11085
942 _aNUST-CAE
_cM
_c1209
999 _c249214
_d249214